Movie Click Quiz by Letterboxd Description - E & F - Statistics

General Stats
  • This quiz has been taken 108 times
  • The average score is 8 of 10
Answer Stats
Hint Answer % Correct
Mystery runs in the family. Enola Holmes
88%
You can erase someone from your mind. Getting them out of your heart is another story. Eternal Sunshine of the Spotless Mind
86%
The music is on his side. Footloose
86%
A comedy of biblical proportions. Evan Almighty
84%
Mischief. Mayhem. Soap. Fight Club
84%
The universe is so much bigger than you realize. Everything Everywhere All At Once
78%
Opposites react. Elemental
77%
The most sensational sound you'll ever see! Fantasia
77%
A man went looking for America and couldn't find it anywhere... Easy Rider
72%
There is nothing more human than the will to survive. Ex Machina
72%
No matching quizzes found
Score Distribution
Percent of People with Each Score
Percentile by Number Answered
Your Score History
You have not taken this quiz